000 00684nam a2200241Ia 4500
003 OSt
005 20221005022514.0
006 a|||||r|||| 00| 0
007 ta
008 221004b |||||||| |||| 00| 0 hin d
024 _a24133
037 _cTextual
040 _aCRL
_cCRL
_bhin
041 _2hin
_ahin
082 _aP152,3:4k, 152G6 (RR)
100 _aSharma Dwarkaprasad
_9421059
245 0 _aHindi shabdarth-parijaat
260 _aAllahabad
_bRamnarayanlal Bookseller India
_c1936
300 _a725p.
_ccm.
650 _aLINGUISTICS
942 _hP152,3:4k, 152G6 (RR)
_cTEXL
_2cc
999 _c929516
_d929516